000 00787cab a2200229 4500
001 ABS47101
008 090401t1992 xxu||||| |||| 00| 0 eng d
035 _a(Sirsi) u60824
041 _aeng
100 _aCooper, P.
245 _aMaking your mark in Berlin
260 _c1992
350 _a0
490 _aBuilding
_v257(7760) 4 September 1992, 23-27(5)
520 _aExamines the massive increase in spending on construction in Berlin following reunification and the resumption of its role as capital of Germany. Gives sources of advice available in Britain and looks at companies currently undertaking work there.
650 _aCONSTRUCTION MARKET
650 _aGERMANY
690 _aBUILT ENVIRONMENT
690 _aOVERSEAS-EUROPE
942 _n0
948 _c04/03/1997
999 _c37603
_d37603